Normal view
MARC view
Entry Personal Name
001 - CONTROL NUMBER
- control field: 1235722
003 - CONTROL NUMBER IDENTIFIER
- control field: OSt
005 - DATE AND TIME OF LATEST TRANSACTION
- control field: 20260427103631.0
008 - FIXED-LENGTH DATA ELEMENTS
- fixed length control field: 260427|| aca||aabn | a|a d
040 ## - CATALOGING SOURCE
- Original cataloging agency: OSt
- Transcribing agency: OSt
100 ## - HEADING--PERSONAL NAME
- Personal name: Radebaugh,Lee H
670 ## - SOURCE DATA FOUND
- Source citation: Work cat.: (OSt)641948: Daniels, John D. 1235721, International business: Enviornments and operations , 2015
